Current Events - World | 3 | 1 | 0 | 0 | 55 | 26 | 49.50 | 1 | 2 |
History - Cross, Historiography, and Miscellaneous | 2 | 2 | 0 | 0 | 50 | 41 | 62.25 | 1 | 2 |
History - World | 1 | 3 | 0 | 0 | 45 | 42 | 76.75 | 0 | 1 |
History - European | 1 | 2 | 0 | 0 | 35 | 63 | 79.00 | 0 | 0 |
Science - Biology | 2 | 0 | 0 | 0 | 30 | 50 | 68.50 | 0 | 0 |
Social Science - Economics | 1 | 1 | 0 | 0 | 25 | 54 | 74.50 | 0 | 1 |
Fine Arts - Miscellaneous | 1 | 1 | 0 | 0 | 25 | 66 | 77.50 | 0 | 1 |
Science - Physics | 0 | 2 | 0 | 0 | 20 | 105 | 106.50 | 0 | 0 |
History - American | 1 | 0 | 0 | 0 | 15 | 51 | 51.00 | 0 | 1 |
RMP - Jewish Practice | 1 | 0 | 0 | 0 | 15 | 24 | 24.00 | 1 | 1 |
Science - Earth | 1 | 0 | 0 | 0 | 15 | 37 | 37.00 | 1 | 1 |
Current Events - U.S. | 1 | 0 | 0 | 0 | 15 | 51 | 51.00 | 0 | 1 |
Science - Math | 0 | 1 | 0 | 0 | 10 | 124 | 124.00 | 0 | 0 |
Science - Astronomy | 0 | 1 | 0 | 0 | 10 | 65 | 65.00 | 0 | 1 |
Fine Arts - Jazz | 0 | 1 | 0 | 0 | 10 | 78 | 78.00 | 0 | 0 |
Geography - Europe | 0 | 1 | 0 | 0 | 10 | 98 | 98.00 | 0 | 0 |
Science - Engineering and Miscellaneous | 0 | 1 | 0 | 0 | 10 | 68 | 68.00 | 0 | 0 |
Fine Arts - Painting | 0 | 1 | 0 | 0 | 10 | 122 | 122.00 | 0 | 0 |
Fine Arts - Music | 0 | 0 | 0 | 0 | 0 | | 0.00 | 0 | 0 |
RMP - East Asian Religion | 0 | 0 | 0 | 0 | 0 | | 0.00 | 0 | 0 |